000 00511nam a22001575i 4500
001 167516
003 ES-MaACL
005 20230906213537.0
008 960520s1859 sp |||| | spa d
040 _aCARM
_bspa
_cCCPB | SIC
100 1 _aVila, Francisco (
_d1830-1898)
_9114691
245 1 0 _aEnsayos poéticos /
_cde Francisco Vila.
260 _aMadrid :
_b[s.n.],
_c1859 (
_fImp. de La America, a cargo de F.S. Madirolas)
300 _aVIII, 402 p. ;
_c20 cm.
852 _aES-MaACL
_jG-11119
_z-- Enc. hol.
999 _c167516
_d167516